000 nam a22 7a 4500
999 _c7351
_d7351
008 170816b xxu||||| |||| 00| 0 eng d
100 _aCBSE
_93889
245 _aFinancial Market
260 _aNew delhi
_bCBSE
_c2000